00522nam a2200169 a 45000010005000000030009000050080041000140200015000550400028000700820017000981000031001152450086001462600045002323000016002776500026002936500033003197564CO-ViMGA141112s2004 ck r 000 u spa d a9589272657 aCO-ViMGAbspacCO-ViMGA04a344.046 A8451 aAvila de Tissot, Esperanza10aLicencias ambientales : baproximación práctica / cEsperanza Avila de Tissot aSantafé de Bogotá : bFEscol, c1996 a151 p 24 cm14aLICENCIAS AMBIENTALES14aMEDIO AMBIENTE - LEGISLACION